Foreign Policy Of India: (Record no. 189517)

MARC details
000 -LEADER
fixed length control field 00715nam a22001937a 4500
005 - DATE AND TIME OF LATEST TRANSACTION
control field 20220906103904.0
010 ## - LCCN (DPL NO)
LC control number B-745483
020 ## - INTERNATIONAL STANDARD BOOK NUMBER
International Standard Book Number 9789388107495
Terms of availability 800.00
035 ## - SYSTEM CONTROL NUMBER
System control number B-745483
037 ## - SOURCE OF ACQUISITION
Source of stock number/acquisition Sanjay Prakashan
100 ## - MAIN ENTRY--PERSONAL NAME
Personal name Mukesh, Kumar
245 ## - TITLE STATEMENT
Title Foreign Policy Of India:
Remainder of title Looking Past and Present /
Statement of responsibility, etc Mukesh Kumar
250 ## - EDITION STATEMENT
Edition statement 1st
260 ## - PUBLICATION, DISTRIBUTION, ETC. (IMPRINT)
Place of publication, distribution, etc New Delhi
Name of publisher, distributor, etc Sanjay Prakashan
Date of publication, distribution, etc 2019
270 ## - ADDRESS
Address 4378/4B,209,J.M.D.House,Murari Lal Street Ansari Road,Dariya Ganj
City New Delhi
Postal code 110002
Telephone number 011-22245608,41564415
Electronic mail address sanjayprakashan@yahoo.in
300 ## - PHYSICAL DESCRIPTION
Extent 193p.
Dimensions 22cm(Hbk)
942 ## - ADDED ENTRY ELEMENTS (KOHA)
Source of classification or shelving scheme Dewey Decimal Classification
Item type English Books
Call number suffix MUK
Classification part 327.54
Holdings
Withdrawn status Lost status Not for loan Collection code Home library Current library Date acquired Source of acquisition Cost, normal purchase price Full call number Barcode Copy number Cost, replacement price Koha item type Public note
      Non-fiction Kadipur Kadipur 06/09/2022 06.09.2022/ Gift 800.00 327.54 MUK B-745483 1 800.00 English Books Gift

© Delhi Public Library
Hit Counter
free hit counter